| 000 | 00963nam a2200229Ia 4500 | ||
|---|---|---|---|
| 001 | 4121 | ||
| 003 | GE_BSU | ||
| 008 | 181216s||||||||xx |||||||||||||| ||und|| | ||
| 040 | _cGE_BSU | ||
| 080 | _a314.02(479.22) | ||
| 100 | _aგუგუშვილი, პაატა. П. В. Гугушвили | ||
| 245 | _aსაქართველოს სსრ მოსახლეობის აღწარმოების საკითხები. | ||
| 245 | _bВопросы воспроизводства населения Грузинской ССР. | ||
| 245 | _cრედ. ბ. ხასაია. | ||
| 260 | _aთბილისი | ||
| 260 | _bმეცნიერება | ||
| 260 | _c1973 | ||
| 300 | _a220 გვ. 21 სმ. | ||
| 541 | _h90 თეთრი. | ||
| 653 | _aსაქართველოს სსრ მოსახლეობის აღწარმოების საკითხები. | ||
| 942 | _cBK | ||
| 999 |
_c38131 _d38131 |
||